000
002870000a22000970004500
100
1
_a
Ojeda Fernández, Zulma
245
1
0
_a
Ministerio nacional de enseñanza : Talleres 2005
300
_a
Vol.17, núm.17 (Junio, 2005), Páginas 20-21
773
0
_t
La Voz Luterana de Colombia
942
_c
ANA
999
_c
60545
_d
60545